<?xml version="1.0" encoding="UTF-8"?>
<record
    xmlns:xsi="http://www.w3.org/2001/XMLSchema-instance"
    xsi:schemaLocation="http://www.loc.gov/MARC21/slim http://www.loc.gov/standards/marcxml/schema/MARC21slim.xsd"
    xmlns="http://www.loc.gov/MARC21/slim">

  <leader>01675nam a2200277Ia 4500</leader>
  <datafield tag="999" ind1=" " ind2=" ">
    <subfield code="c">55926</subfield>
    <subfield code="d">55926</subfield>
  </datafield>
  <controlfield tag="001">23024</controlfield>
  <controlfield tag="003">GE_BSU</controlfield>
  <controlfield tag="005">20230627115633.0</controlfield>
  <controlfield tag="008">181216s2006||||ge |||||||||||||| ||geo||</controlfield>
  <datafield tag="020" ind1=" " ind2=" ">
    <subfield code="a">99940-830-6-6 &#x10EC;-73</subfield>
  </datafield>
  <datafield tag="040" ind1=" " ind2=" ">
    <subfield code="c">GE_BSU</subfield>
  </datafield>
  <datafield tag="041" ind1=" " ind2=" ">
    <subfield code="a">geo</subfield>
  </datafield>
  <datafield tag="080" ind1=" " ind2=" ">
    <subfield code="a">821.353.1-343.5 &#x10EC;-73</subfield>
  </datafield>
  <datafield tag="100" ind1=" " ind2=" ">
    <subfield code="a">&#x10EC;&#x10DD;&#x10EC;&#x10DD;&#x10DC;&#x10D0;&#x10D5;&#x10D0;, &#x10D7;&#x10D4;&#x10DC;&#x10D2;&#x10D8;&#x10D6;</subfield>
    <subfield code="9">18994</subfield>
  </datafield>
  <datafield tag="245" ind1=" " ind2=" ">
    <subfield code="a">&#x10E0;&#x10D0;&#x10E1; &#x10D2;&#x10D5;&#x10D8;&#x10D0;&#x10DB;&#x10D1;&#x10DD;&#x10D1;&#x10E1; &#x10E5;&#x10D0;&#x10E0;&#x10D7;&#x10E3;&#x10DA;&#x10D8; &#x10D0;&#x10D2;&#x10D8;&#x10DD;&#x10D2;&#x10E0;&#x10D0;&#x10E4;&#x10D8;&#x10E3;&#x10DA;&#x10D8; &#x10DB;&#x10EC;&#x10D4;&#x10E0;&#x10DA;&#x10DD;&#x10D1;&#x10D0; :</subfield>
    <subfield code="b">&#x10E1;&#x10D0;&#x10D1;&#x10D0;&#x10D5;&#x10E8;&#x10D5;&#x10DD; &#x10E5;&#x10E0;&#x10D4;&#x10E1;&#x10E2;&#x10DD;&#x10DB;&#x10D0;&#x10E2;&#x10D8;&#x10D0; /</subfield>
    <subfield code="c">&#x10D7;&#x10D4;&#x10DC;&#x10D2;&#x10D8;&#x10D6; &#x10EC;&#x10DD;&#x10EC;&#x10DD;&#x10DC;&#x10D0;&#x10D5;&#x10D0; ; &#x10E0;&#x10D4;&#x10D3;. &#x10D3;&#x10D0;&#x10D5;&#x10D8;&#x10D7; &#x10E8;&#x10D0;&#x10E0;&#x10D0;&#x10E8;&#x10D4;&#x10DC;&#x10D8;&#x10EB;&#x10D4; ; &#x10DB;&#x10EE;&#x10D0;&#x10E2;&#x10D5;. &#x10DD;&#x10D7;&#x10D0;&#x10E0; &#x10E5;&#x10D0;&#x10DC;&#x10D3;&#x10D0;&#x10E0;&#x10D8;&#x10D0;.</subfield>
  </datafield>
  <datafield tag="264" ind1=" " ind2=" ">
    <subfield code="a">&#x10D7;&#x10D1;&#x10D8;&#x10DA;&#x10D8;&#x10E1;&#x10D8; :</subfield>
    <subfield code="b">&#x10D7;&#x10D4;&#x10DC;&#x10D2;&#x10D8;&#x10D6; &#x10EC;&#x10DD;&#x10EC;&#x10DD;&#x10DC;&#x10D0;&#x10D5;&#x10D0;&#x10E1; &#x10E1;&#x10D0;&#x10D0;&#x10D5;&#x10E2;. &#x10D2;&#x10D0;&#x10DB;-&#x10D1;&#x10D0;,</subfield>
    <subfield code="c">2006.</subfield>
  </datafield>
  <datafield tag="300" ind1=" " ind2=" ">
    <subfield code="a">360 &#x10D2;&#x10D5;. ; </subfield>
    <subfield code="c">20 &#x10E1;&#x10DB;.</subfield>
  </datafield>
  <datafield tag="500" ind1=" " ind2=" ">
    <subfield code="a">&#x10D3;&#x10D0;&#x10D8;&#x10D1;&#x10D4;&#x10ED;&#x10D3;&#x10D0; &#x10D9;&#x10D0;&#x10D7;&#x10DD;&#x10DA;&#x10D8;&#x10D9;&#x10DD;&#x10E1;-&#x10DE;&#x10D0;&#x10E2;&#x10E0;&#x10D8;&#x10D0;&#x10E0;&#x10E5;&#x10D8;&#x10E1; &#x10D8;&#x10DA;&#x10D8;&#x10D0; II &#x10DA;&#x10DD;&#x10EA;&#x10D5;&#x10D0;-&#x10D9;&#x10E3;&#x10E0;&#x10D7;&#x10EE;&#x10D4;&#x10D5;&#x10D8;&#x10D7;</subfield>
  </datafield>
  <datafield tag="520" ind1=" " ind2=" ">
    <subfield code="a">&#x10D3;&#x10D0;&#x10D8;&#x10D1;&#x10D4;&#x10ED;&#x10D3;&#x10D0; &#x10D9;&#x10D0;&#x10D7;&#x10DD;&#x10DA;&#x10D8;&#x10D9;&#x10DD;&#x10E1;-&#x10DE;&#x10D0;&#x10E2;&#x10E0;&#x10D8;&#x10D0;&#x10E0;&#x10E5;&#x10D8;&#x10E1; &#x10D8;&#x10DA;&#x10D8;&#x10D0; II &#x10DA;&#x10DD;&#x10EA;&#x10D5;&#x10D0;-&#x10D9;&#x10E3;&#x10E0;&#x10D7;&#x10EE;&#x10D4;&#x10D5;&#x10D8;&#x10D7;.</subfield>
  </datafield>
  <datafield tag="541" ind1=" " ind2=" ">
    <subfield code="h">7&#x10DA;. 50&#x10D7;.</subfield>
  </datafield>
  <datafield tag="653" ind1=" " ind2=" ">
    <subfield code="a">&#x10E0;&#x10D0;&#x10E1; &#x10D2;&#x10D5;&#x10D8;&#x10D0;&#x10DB;&#x10D1;&#x10DD;&#x10D1;&#x10E1; &#x10E5;&#x10D0;&#x10E0;&#x10D7;&#x10E3;&#x10DA;&#x10D8; &#x10D0;&#x10D2;&#x10D8;&#x10DD;&#x10D2;&#x10E0;&#x10D0;&#x10E4;&#x10D8;&#x10E3;&#x10DA;&#x10D8; &#x10DB;&#x10EC;&#x10D4;&#x10E0;&#x10DA;&#x10DD;&#x10D1;&#x10D0;</subfield>
  </datafield>
  <datafield tag="653" ind1=" " ind2=" ">
    <subfield code="a">&#x10E1;&#x10D0;&#x10D1;&#x10D0;&#x10D5;&#x10E8;&#x10D5;&#x10DD; &#x10E5;&#x10E0;&#x10D4;&#x10E1;&#x10E2;&#x10DD;&#x10DB;&#x10D0;&#x10E2;&#x10D8;&#x10D0;</subfield>
  </datafield>
  <datafield tag="700" ind1=" " ind2=" ">
    <subfield code="a"> &#x10E8;&#x10D0;&#x10E0;&#x10D0;&#x10E8;&#x10D4;&#x10DC;&#x10D8;&#x10EB;&#x10D4;, &#x10D3;&#x10D0;&#x10D5;&#x10D8;&#x10D7;</subfield>
    <subfield code="e">&#x10E0;&#x10D4;&#x10D3;&#x10D0;&#x10E5;&#x10E2;&#x10DD;&#x10E0;&#x10D8;</subfield>
    <subfield code="9">18995</subfield>
  </datafield>
  <datafield tag="700" ind1=" " ind2=" ">
    <subfield code="a">&#x10E5;&#x10D0;&#x10DC;&#x10D3;&#x10D0;&#x10E0;&#x10D8;&#x10D0;, &#x10DD;&#x10D7;&#x10D0;&#x10E0;</subfield>
    <subfield code="e">&#x10DB;&#x10EE;&#x10D0;&#x10E2;&#x10D5;&#x10D0;&#x10E0;&#x10D8;</subfield>
    <subfield code="9">18996</subfield>
  </datafield>
  <datafield tag="942" ind1=" " ind2=" ">
    <subfield code="c">BK</subfield>
    <subfield code="2">udc</subfield>
  </datafield>
  <datafield tag="952" ind1=" " ind2=" ">
    <subfield code="0">0</subfield>
    <subfield code="1">0</subfield>
    <subfield code="2">udc</subfield>
    <subfield code="4">0</subfield>
    <subfield code="6">82135313435_&#x10EC;73</subfield>
    <subfield code="7">0</subfield>
    <subfield code="9">81467</subfield>
    <subfield code="a">CPL</subfield>
    <subfield code="b">CPL</subfield>
    <subfield code="c">GEN</subfield>
    <subfield code="d">2018-12-17</subfield>
    <subfield code="g">7.50</subfield>
    <subfield code="o">821.353.1-343.5 &#x10EC;-73</subfield>
    <subfield code="p">58445</subfield>
    <subfield code="r">2018-12-17</subfield>
    <subfield code="t">58445</subfield>
    <subfield code="w">2018-12-17</subfield>
    <subfield code="y">BK</subfield>
    <subfield code="z">7.50 &#x20BE;.</subfield>
  </datafield>
</record>
